书目信息 |
| 题名: |
李群的表示论
|
|
| 作者: | 黄劲松 著 | |
| 分册: | ||
| 出版信息: | 长沙 湖南教育出版社 2000 |
|
| 页数: | 187页 | |
| 开本: | 19cm | |
| 丛书名: | 现代数学书丛 | |
| 单 册: | ||
| 中图分类: | O152.5 | |
| 科图分类: | ||
| 主题词: | 代数 , 数论 , 组合数学 | |
| 电子资源: | ||
| ISBN: | 7-5355-3227-6 | |
| 000 | 00636nam0 2200241 45 | |
| 001 | 0306241344 | |
| 005 | 20031219104112.5 | |
| 010 | @a7-5355-3227-6@dCNY9.00 | |
| 100 | @a20030624d2000 km y0chiy0120 ea | |
| 101 | 0 | @achi |
| 105 | @a z 000yy | |
| 200 | 1 | @a李群的表示论@ALi Qun De Biao Shi Lun@f黄劲松著@FHuang Jin Song Zhu |
| 210 | @a长沙@c湖南教育出版社@d2000 | |
| 215 | @a187页@d19cm | |
| 225 | @a现代数学书丛 | |
| 410 | @12001 @a现代数学书丛 | |
| 606 | 0 | @a代数 |
| 606 | 0 | @a数论 |
| 606 | 0 | @a组合数学 |
| 690 | @aO152.5@v4 | |
| 701 | 0 | @a黄劲松@4著 |
| 801 | @aCN@bTSTC@c20030624 | |
| 905 | @b324523-527@dO152.5@e20@f5 | |
| 李群的表示论/黄劲松著.-长沙:湖南教育出版社,2000 |
| 187页;19cm.-(现代数学书丛) |
| ISBN 7-5355-3227-6:CNY9.00 |
| ● |
| 相关链接 |
|
|
|
|
正题名:李群的表示论
索取号:O152.5/20
 
预约/预借
| 序号 | 登录号 | 条形码 | 馆藏地/架位号 | 状态 | 备注 |
| 1 | 0324523 | 203245238 | 第三借阅区/ [索取号:O152.5/20] | 在馆 | |
| 2 | 0324524 | 203245247 | 第三借阅区/ [索取号:O152.5/20] | 在馆 | |
| 3 | 0324525 | 203245256 | 第三借阅区/ [索取号:O152.5/20] | 在馆 | |
| 4 | 0324526 | 203245265 | 第三借阅区/ [索取号:O152.5/20] | 在馆 | |
| 5 | 0324527 | 203245274 | 第二样本阅览室/ [索取号:O152.5/20] | 在馆 |